1567 1892 1731 1099 1546 1759 1622 1351 1051 1894 1188 1861 1110 1443 1109 1135 1160 1564 1731 1530 1937 1075 1104 1031 1425 1974 1774 1581 1918 1007 1502 1703 1170 1552 1930 1178 1370 1425 1680 1630 1381 1717 1438 1040 1323 1382 1191 1487 1351 1262 1120 1147 1695 1965 1029 1478 1198 1567 1494 1994 1655 1642 1460 1208 1167 1092 1912 1779 1812 1981 1337 1251 1655 1173 1425 1966 1542 1927 1737 1814 1606 1192 1144 1124 1714 1797 1563 1587 1866 1366 1927 1370 1940 1471 1432 1580 1190 1555 1743 BCNSPRNW ULIB Ver.6.0+V

เปลี่ยนเป็นภาษาไทย

Change to English
 แสดงรายละเอียดบรรณานุกรม
  กลับหน้าหลัก

Brief Record : Get Marc (ISO 2709) : E-mail record : QR code < ปิดหน้าต่าง
LEADER : 00000nam 2200000uu 4500
001    13399121068
003     ULIB
008    121101s2555||||th 000 0 tha d
050  4 ^aPE1128^bS411E
100 1  ^aSchwarz, Peter C.
245 10 ^aEnglish for nursing and health care students (Workbook) /^cPeter C.Schwarz
250    ^a1st ed.
260    ^aNonthaburi :^bBook Project Praboromarajchanok InstituteMinistry of Public Health,^c2555
300    ^a56 p. :^bill. ;^c21 cm.
650  0 ^aEnglish language^xconversation and phrase books (for medical personnel)
650  0 ^aCommunication in nursing
650  0 ^aCommunication in medicine
700 1  ^aซวอตซ์, ปีเตอร์ ซี.
710 2  ^aPraboromarajchanok Institute. ^bBook Project
945    ^p150^l0^i032892
945    ^p150^l0^i032893
945    ^p150^l0^i032894
945    ^p150^l0^i032895
945    ^p150^l0^i032896
995    ^aเกษร
999    ^aใช้งานได้ทุกระบบ
รายการนี้ยังไม่มีแท็ก
คุณยังไม่ได้ล็อกอิน คุณสามารถมีกิจกรรมร่วมกับเว็บไซต์ได้ แต่ต้องล็อกอินก่อน ::
  ล็อกอิน

รายการสื่อสารสนเทศ

ลำดับที่ ประเภท เลขเรียก/บาร์โค้ด สถานที่ สถานะ
1. วิทยาศาสตร์การแพทย์ และสุขภาพ
หนังสือสำรอง
สถานะ=หนังสือสำรอง
PE1128 S411E ฉ.1 
  Barcode: 032892
ห้องสมุดวิทยาเขตสวรรค์ประชารักษ์
►หนังสือทั่วไป
บนชั้น
2. วิทยาศาสตร์การแพทย์ และสุขภาพ
วิทยาศาสตร์การแพทย์ และสุขภาพ
PE1128 S411E ฉ.2 
  Barcode: 032893
ห้องสมุดวิทยาเขตสวรรค์ประชารักษ์
►หนังสือทั่วไป
บนชั้น
3. วิทยาศาสตร์การแพทย์ และสุขภาพ
วิทยาศาสตร์การแพทย์ และสุขภาพ
PE1128 S411E ฉ.3 
  Barcode: 032894
ห้องสมุดวิทยาเขตสวรรค์ประชารักษ์
►หนังสือทั่วไป
บนชั้น
4. วิทยาศาสตร์การแพทย์ และสุขภาพ
วิทยาศาสตร์การแพทย์ และสุขภาพ
PE1128 S411E ฉ.4 
  Barcode: 032895
ห้องสมุดวิทยาเขตสวรรค์ประชารักษ์
►หนังสือทั่วไป
บนชั้น
5. วิทยาศาสตร์การแพทย์ และสุขภาพ
วิทยาศาสตร์การแพทย์ และสุขภาพ
PE1128 S411E ฉ.5 
  Barcode: 032896
ห้องสมุดวิทยาเขตสวรรค์ประชารักษ์
►หนังสือทั่วไป
บนชั้น

รายการใกล้เคียง
    ผู้แต่ง [Schwarz, Peter C.]

    หัวเรื่อง [Communication in nursing]
    หัวเรื่อง [Communication in medicine]

BibComment


ยังไม่เคยถูกคอมเมนท์

คอมเมนท์ทรัพยากรรายการนี้
  คอมเมนท์: English for nurs..


 Copyright 2026. Bcnsprnw @Library